Я теж українець (Запис № 573328)

МАРК-запис
000 -Лідер
fixed length control field 00953 a2200241 4500
003 - Ідентифікатор контрольного номера
control field UA-OsUOA
005 - Дата та час останнього входження (трансакції)
control field 20220928103349.0
008 - Елементи даних фіксованої довжини – загальна інформація
fixed length control field 220926b un ||||| |||| 00| 0 ukr d
020 ## - Міжнародний стандартний книжковий номер (ISBN)
Міжнародний стандартний книжковий номер (ISBN) (НП) 9667703673
040 ## - Джерело каталогізації
Агенція оригінальної каталогізації UA-OsUOA
Мова каталогізації ukr
Агенція, яка здійснювала перезапис UA-OsUOA
Агенція, яка здійснювала модифікацію UA-OsUOA
041 ## - Код мови
Код мови тексту/ звукової доріжки чи окремого заголовка (П) ukr
080 ## - Індекс Універсальної десяткової класифікації
Індекс Універсальної десяткової класифікації (УДК) (НП) 82-92(477)
090 ## - Локальний шифр розміщення
Класифікаційний індекс УДК 82-92(477)
Авторський знак (НП) Г80
100 ## - Основне введення – ім’я особи
Ім’я особи (НП) Гренджа-Донський В.
245 ## - Відомості про назву
Назва (НП) Я теж українець
Дані про відповідальність (НП) Василь Гренджа-Донський ; упоряд. В. І. Ільницького
Решта назви (НП) публіцистика
260 ## - Публікація, розповсюдження і т.п. (Вихідні дані)
Місце публікації, розповсюдження і т.п. (П) Ужгород
Ім’я/ наймення видавництва, розповсюджувача і т.п. (П) Закарпаття
Дата публікації, розповсюдження і т.п. (П) 2003
300 ## - Фізичний опис
Обсяг 520 с.
Інші фізичні характеристики (НП) іл.
650 ## - Додаткове предметне введення – тематичний термін
Джерело заголовка чи терміна UDC
Тематичний термін чи географічна назва, як елемент введення (НП) 82 Література. Літературознавство
700 1# - Додаткове введення – ім'я особи
Ім’я особи (НП) Ільницький В. І.
Термін відношення упоряд.
942 ## - Додаткові елементи входу (Коха)
Тип елемента Koha Книги
Source of classification or shelving scheme Universal Decimal Classification
955 ## - Код типу видання за змістом
Код типу видання за змістом (НП) Літературно-художні видання
Фонди
Стан вилучень Стан втрат Джерело класифікації або схеми стелажів Стан уражень Не для кредиту Постійне місце розташування Поточне розміщення Дата придбання Джерело придбання Вартість, звичайна ціна покупки Повний номер виклику Штрих-код Дата останнього перегляду Вартість, ціна заміни Ціна ефективна від Тип елемента Koha
    Universal Decimal Classification     АБ - Абонемент НБ АБ - Абонемент НБ 26/09/2022 №32/22.09.2022 45.00 82-92(477)Г80 165043 26/09/2022 45.00 26/09/2022 Книги